Cuộc hẹn nơi cổng thiên đường Truyện ngắn

Cuộc hẹn nơi cổng Thiên Đường là tuyển tập những truyện ngắn viết về tình yêu, với lối kể chuyện nội tâm, đi sâu vào miêu tả tâm lý nhân vật. Mỗi câu chuyện là một điểm nhìn khá thú vị về những cuộc tình khi éo le, lúc phiêu lưu...

Volledige beschrijving

Bewaard in:
Bibliografische gegevens
Hoofdauteur: Hòa Bình
Formaat: Boek
Taal:Undetermined
Gepubliceerd in: H. Phụ nữ 2017
Onderwerpen:
Online toegang:http://lrc.tdmu.edu.vn/opac/search/detail.asp?aID=2&ID=32169
Tags: Voeg label toe
Geen labels, Wees de eerste die dit record labelt!
Thư viện lưu trữ: Trung tâm Học liệu Trường Đại học Thủ Dầu Một
LEADER 01110nam a2200217Ia 4500
001 TDMU_32169
008 210410s9999 xx 000 0 und d
082 |a 891.733 
090 |b H401 
100 |a Hòa Bình 
245 0 |a Cuộc hẹn nơi cổng thiên đường 
245 0 |b Truyện ngắn 
245 0 |c Hòa Bình 
260 |a H. 
260 |b Phụ nữ 
260 |c 2017 
300 |a 164tr. 
520 |a Cuộc hẹn nơi cổng Thiên Đường là tuyển tập những truyện ngắn viết về tình yêu, với lối kể chuyện nội tâm, đi sâu vào miêu tả tâm lý nhân vật. Mỗi câu chuyện là một điểm nhìn khá thú vị về những cuộc tình khi éo le, lúc phiêu lưu, khi rơi vụt vào khoảng không vô định. 
650 |a Văn học Việt Nam  |v Truyện ngắn; Truyện ngắn Việt Nam 
856 |u http://lrc.tdmu.edu.vn/opac/search/detail.asp?aID=2&ID=32169 
980 |a Trung tâm Học liệu Trường Đại học Thủ Dầu Một